| 000 | 00695nam a2200217Ia 4500 | ||
|---|---|---|---|
| 001 | 5111 | ||
| 003 | GE_BSU | ||
| 008 | 181216s||||||||xx |||||||||||||| ||und|| | ||
| 040 | _cGE_BSU | ||
| 080 | _a51(075.3) | ||
| 100 | _aВозняк, Г.М. Гусев, В.А. | ||
| 245 | _aПрикладные задачи на экстремумы. | ||
| 245 | _bв курсе математики 4-8 классов. книга для учителя | ||
| 245 | _cРед. Г.С. Уманский. | ||
| 260 | _aМосква | ||
| 260 | _bПросвещение | ||
| 260 | _c1985 | ||
| 300 | _a143с. 22см. | ||
| 653 | _aПрикладные задачи на экстремумы. | ||
| 942 | _cBK | ||
| 999 |
_c38767 _d38767 |
||